| 000 | 00816nam a2200241Ia 4500 | ||
|---|---|---|---|
| 003 | OSt | ||
| 005 | 20220925232109.0 | ||
| 006 | a|||||r|||| 00| 0 | ||
| 007 | ta | ||
| 008 | 220923b |||||||| |||| 00| 0 eng d | ||
| 037 | _cGeneral Book | ||
| 040 |
_aRTL _cRTL _beng |
||
| 041 |
_2eng _aeng |
||
| 082 | _aX:95851.73.N7, L8 | ||
| 100 |
_aBlaustein Saul J _9296697 |
||
| 245 | 0 | _aInterstate differences in unemployment insurance b | |
| 260 |
_aMichigan _bW E Upjohn Institute for Employment Research _c1978 |
||
| 490 | _aW E Upjohn Institute for Employment Research, studies in unemployment insurance. | ||
| 650 |
_aUnemployment _9231991 |
||
| 700 |
_a Kozlowski Paul J _9296698 |
||
| 942 |
_hX:95851.73.N7, L8 _cGB _2CC |
||
| 999 |
_c590298 _d590298 |
||